000 00242nam a2200097Ia 4500
001 643428
005 20250826153545.0
008 250824s9999 xx 000 0 und d
245 0 _aMESNEVİ ÖYKÜLERİ
_cA. VAHAP AKBAŞ
260 _bGENÇ TİMAŞ
999 _c643428
_d643428